| 000 | 00455nam a2200157 i 4500 | ||
|---|---|---|---|
| 001 | 43401 | ||
| 003 | ES-MaACL | ||
| 005 | 20230906160801.0 | ||
| 007 | t| | ||
| 008 | 030317s1972 xxu ||||1| spa d | ||
| 100 | 1 |
_aCastro y MartÃnez, Angel Alberto. _936975 |
|
| 245 | 1 | 0 |
_aCubano..., go home! / _cAngel A. Castro y MartÃnez. |
| 260 |
_aNew York : _bEliseo Torres & Sons, _c[1972] |
||
| 300 |
_a88 p. ; _c17 cm. |
||
| 852 |
_aES-MaACL _jC-44944 _bR.81063 |
||
| 999 |
_c43401 _d43401 |
||